000 00553nam a22001937a 4500
005 20170530121357.0
010 _aENG-118452
020 _a8185990263
_c92.00
035 _aEN-101984
037 _bDBAD/PUB
082 _a270
100 _aGoel,Sita Ram
245 _aMuslim separatism :
_bcauses and consequences /
_cby Sita Ram Goel
260 _aNew Delhi
_bVoice Of India
_c2002
270 _a2/18,Ansari Road
_bNew Delhi
_e110002
300 _avii,128p.
_c22cm(pbk)
500 _aIncludes index
942 _2ddc
_cEN
_mGOE
_h270
999 _c140533
_d140533